[Event "GRENKE Chess Open 2018"]
[Site "Karlsruhe GER"]
[Date "2018.04.01"]
[Round "7.25"]
[White "Engel, Luis"]
[Black "Kuljasevic, Davorin"]
[Result "1/2-1/2"]
[BlackTitle "GM"]
[WhiteElo "2389"]
[BlackElo "2538"]
[WhiteFideId "12961523"]
[BlackFideId "14506661"]
[EventDate "2018.03.29"]

1. e4 e5 2. Nf3 Nc6 3. Bc4 Bc5 4. c3 Nf6 5. d3 d6 6. Nbd2 O-O 7. O-O h6 8. Bb3
a6 9. Re1 Be6 10. Nf1 Bxb3 11. Qxb3 Re8 12. h3 d5 13. Ng3 Qd7 14. Bd2 Bb6 15.
Rad1 Rad8 16. Bc1 Qe6 17. a4 Rd7 18. exd5 Qxd5 19. Qxd5 Rxd5 20. Ne4 Nxe4 21.
dxe4 Rxd1 22. Rxd1 f6 1/2-1/2

[Event "GRENKE Chess Open 2018"]
[Site "Karlsruhe GER"]
[Date "2018.04.01"]
[Round "7.26"]
[White "Schneider, Ilja"]
[Black "Musat, Adrian"]
[Result "1/2-1/2"]
[WhiteTitle "IM"]
[BlackTitle "FM"]
[WhiteElo "2513"]
[BlackElo "2388"]
[WhiteFideId "4663306"]
[BlackFideId "1203452"]
[EventDate "2018.03.29"]

1. e4 e5 2. Nf3 Nc6 3. Nc3 Nf6 4. d4 exd4 5. Nxd4 Bb4 6. Nxc6 bxc6 7. Bd3 d5 8.
exd5 cxd5 9. O-O O-O 10. h3 h6 11. Qf3 c6 12. Bf4 Bd6 13. Rfe1 Be6 14. Rad1 Bxf4
15. Qxf4 Qb8 16. Qe3 Qb4 17. a3 Qxb2 18. Rb1 d4 19. Rxb2 dxe3 20. fxe3 Nd7 21.
Reb1 Nc5 22. Ne4 Nxe4 23. Bxe4 Bd5 24. Bxd5 cxd5 25. Rd1 Rfd8 26. Rb5 Rac8 27.
Rbxd5 Rxd5 28. Rxd5 Rxc2 29. Rd8+ Kh7 30. Rd7 a6 31. Ra7 Rc3 32. a4 Rxe3 33.
Rxa6 Ra3 34. a5 h5 35. Kf2 1/2-1/2

[Event "GRENKE Chess Open 2018"]
[Site "Karlsruhe GER"]
[Date "2018.04.01"]
[Round "7.27"]
[White "Horton, Andrew P"]
[Black "Kanarek, Marcel"]
[Result "1/2-1/2"]
[WhiteTitle "FM"]
[BlackTitle "GM"]
[WhiteElo "2393"]
[BlackElo "2506"]
[WhiteFideId "424269"]
[BlackFideId "1126822"]
[EventDate "2018.03.29"]

1. Nf3 Nf6 2. c4 g6 3. g3 Bg7 4. Bg2 O-O 5. O-O d6 6. Nc3 c5 7. d4 Nc6 8. d5 Na5
9. Nd2 a6 10. Rb1 Rb8 11. b3 b5 12. Bb2 bxc4 13. bxc4 e5 14. Qc2 Nh5 15. Nd1 Bf5
16. e4 Bd7 17. Bc3 Rxb1 18. Qxb1 Bh6 19. Nb2 f5 20. Bh3 Nb7 21. exf5 Bxf5 22.
Bxf5 gxf5 23. Nd3 Rf7 24. f4 exf4 25. Nxf4 Bxf4 26. gxf4 Nxf4 27. Kh1 Ne2 28.
Ba1 Qh4 29. Qd3 Nd4 30. Qe3 Kf8 31. Bxd4 cxd4 32. Qe6 Qf6 33. Qc8+ Qd8 34. Qxd8+
Nxd8 35. Nf3 d3 36. Nd4 f4 37. Rd1 Rc7 38. Rxd3 Rxc4 39. Nf5 Nf7 40. Rb3 Ke8 41.
Kg2 Rc2+ 42. Kf3 Rxh2 43. Rb8+ Nd8 44. Ra8 Rxa2 45. Ra7 Rd2 46. Nxd6+ Kf8 47.
Rxa6 Rxd5 48. Kxf4 Ne6+ 49. Ke4 Nc5+ 50. Kxd5 Nxa6 51. Ke6 Kg7 52. Kf5 Nc5 53.
Ne8+ Kf7 54. Nf6 h5 55. Nxh5 1/2-1/2

[Event "GRENKE Chess Open 2018"]
[Site "Karlsruhe GER"]
[Date "2018.04.01"]
[Round "7.28"]
[White "Meinhardt, Maximilian"]
[Black "Lobron, Eric"]
[Result "0-1"]
[WhiteTitle "IM"]
[BlackTitle "GM"]
[WhiteElo "2388"]
[BlackElo "2503"]
[WhiteFideId "4668766"]
[BlackFideId "4600037"]
[EventDate "2018.03.29"]

1. e4 c6 2. Nc3 d5 3. Qe2 d4 4. Nd1 e5 5. g3 c5 6. d3 h5 7. f4 h4 8. g4 exf4 9.
Bxf4 Ne7 10. h3 Ng6 11. Bh2 Nc6 12. e5 Be7 13. Bg2 Qa5+ 14. c3 O-O 15. Nf3 Bd7
16. O-O Rae8 17. Nd2 Qa6 18. Rf5 Bd6 19. Ne4 Ncxe5 20. c4 b5 21. b3 bxc4 22.
bxc4 f6 23. Nxd6 Qxd6 24. Nf2 Qb6 25. Ne4 Nf7 26. Qf2 Ng5 27. Nxc5 Bc6 28. Qxd4
Bxg2 29. Kxg2 Re2+ 30. Rf2 Rd8 31. Qxd8+ Qxd8 32. Rxe2 Qd4 33. Nb3 Qxd3 34. Rf2
Qxh3+ 35. Kh1 Qxg4 36. Nd2 Qd7 37. Raf1 Qc6+ 38. Nf3 Ne7 39. c5 Nf5 40. Bf4 Nh3 0-1

[Event "GRENKE Chess Open 2018"]
[Site "Karlsruhe GER"]
[Date "2018.04.01"]
[Round "7.29"]
[White "Riff, Jean-Noel"]
[Black "Lokander, Martin"]
[Result "1-0"]
[WhiteTitle "GM"]
[BlackTitle "FM"]
[WhiteElo "2503"]
[BlackElo "2379"]
[WhiteFideId "611190"]
[BlackFideId "1709569"]
[EventDate "2018.03.29"]

1. e4 c6 2. Nc3 d5 3. Nf3 Nf6 4. e5 Ne4 5. Be2 h6 6. O-O c5 7. Re1 Nxc3 8. dxc3
Nc6 9. Bb5 Qb6 10. c4 d4 11. c3 dxc3 12. e6 Bxe6 13. Rxe6 Rd8 14. Bxc6+ bxc6 15.
Qc2 fxe6 16. Ne5 cxb2 17. Qg6# 1-0

[Event "GRENKE Chess Open 2018"]
[Site "Karlsruhe GER"]
[Date "2018.04.01"]
[Round "7.30"]
[White "Ondersteijn, Niels"]
[Black "Korpa, Bence"]
[Result "1/2-1/2"]
[WhiteTitle "FM"]
[BlackTitle "GM"]
[WhiteElo "2376"]
[BlackElo "2502"]
[WhiteFideId "1011162"]
[BlackFideId "706671"]
[EventDate "2018.03.29"]

1. c4 c5 2. g3 g6 3. Bg2 Bg7 4. Nc3 Nc6 5. e4 e6 6. d3 Nge7 7. Be3 d6 8. Nge2
Nd4 9. Rb1 O-O 10. O-O b6 11. f4 Bb7 12. Bf2 Qd7 13. a3 Rad8 14. b4 Ba8 15. Qd2
f5 16. Nxd4 cxd4 17. Ne2 e5 18. h3 Kh8 19. exf5 Bxg2 20. Kxg2 gxf5 21. Kh2 Ng6
22. Rbc1 Rc8 23. Rc2 Rg8 24. Rfc1 Bf8 25. Ng1 Qb7 26. fxe5 dxe5 27. c5 bxc5 28.
bxc5 Qc6 29. Qe2 Bh6 30. Nf3 Bxc1 31. Nxe5 Qd5 32. Nxg6+ hxg6 33. Rxc1 Rge8 34.
Qb2 Kg8 35. Qxd4 Qxd4 36. Bxd4 Red8 37. Rc4 Rc6 38. Kg2 Kf7 39. Kf3 Ke6 40. h4
Rc7 41. Kf4 Rcd7 42. Be5 Rxd3 43. c6 Rxa3 44. c7 Rg8 45. Bb2 Rb3 1/2-1/2

[Event "GRENKE Chess Open 2018"]
[Site "Karlsruhe GER"]
[Date "2018.04.01"]
[Round "7.31"]
[White "Noe, Christopher"]
[Black "Fries-Nielsen, Jens Ove"]
[Result "1-0"]
[WhiteTitle "IM"]
[BlackTitle "IM"]
[WhiteElo "2494"]
[BlackElo "2359"]
[WhiteFideId "24692018"]
[BlackFideId "1400142"]
[EventDate "2018.03.29"]

1. d4 g6 2. c4 Bg7 3. Nc3 e6 4. Nf3 Ne7 5. e4 d5 6. e5 f6 7. exf6 Bxf6 8. Bg5
Bg7 9. Qd2 Nbc6 10. O-O-O h6 11. Bf4 g5 12. Be5 Nxe5 13. Nxe5 dxc4 14. Bxc4 Bxe5
15. dxe5 Qxd2+ 16. Rxd2 c6 17. h4 gxh4 18. Rxh4 Nf5 19. Rg4 h5 20. Rg6 Ne7 21.
Rg7 Kf8 22. Rg5 Nd5 23. Rd3 Bd7 24. Rf3+ Ke7 25. Rg7+ Kd8 26. Ne4 1-0

[Event "GRENKE Chess Open 2018"]
[Site "Karlsruhe GER"]
[Date "2018.04.01"]
[Round "7.32"]
[White "Kevlishvili, Robby"]
[Black "Savina, Anastasia"]
[Result "1-0"]
[WhiteTitle "IM"]
[BlackTitle "IM"]
[WhiteElo "2472"]
[BlackElo "2345"]
[WhiteFideId "1040634"]
[BlackFideId "4196872"]
[EventDate "2018.03.29"]

1. e4 e5 2. Nf3 Nc6 3. Bb5 a6 4. Ba4 Nf6 5. d3 d6 6. c3 Be7 7. O-O O-O 8. Re1 b5
9. Bc2 Bb7 10. Nbd2 Re8 11. Nf1 Bf8 12. Ng3 g6 13. d4 Bg7 14. a4 exd4 15. cxd4
Nb4 16. Bb1 c5 17. Bd2 Nc6 18. d5 Ne5 19. Nxe5 Rxe5 20. Bd3 c4 21. Bc2 Re8 22.
Bc3 Nd7 23. Ne2 Nc5 24. Nd4 Qb6 25. a5 Qc7 26. Qd2 Re7 27. Re2 Rae8 28. Rae1 Nd7
29. Re3 Ne5 30. f4 b4 31. Bxb4 Nd3 32. Bxd3 Bxd4 33. Bc2 Bc5 34. Ba4 Rxe4 35.
Bxc5 Qxc5 36. Bxe8 Rxe8 37. Kh1 Rxe3 38. Rxe3 Bxd5 39. f5 Bc6 40. fxg6 hxg6 41.
h3 d5 42. Re5 f6 43. Re6 Kf7 44. Re1 d4 45. Qh6 Qh5 46. Qxh5 gxh5 47. Kg1 Ba4
48. Kf2 Bc2 49. g3 Bf5 50. h4 Bc2 51. Kf3 Bf5 52. Kf4 Bc2 53. Kf3 Bf5 54. Ke2
Be4 55. Rd1 d3+ 56. Ke3 Bd5 57. b3 cxb3 58. Kxd3 Ke6 59. Kc3 Ke5 60. Rd4 Be6 61.
Rb4 Kf5 62. Rb6 Bc8 63. Rxb3 Kg4 64. Kd4 f5 65. Ke5 Bd7 66. Rb7 Bc8 67. Rc7 1-0

[Event "GRENKE Chess Open 2018"]
[Site "Karlsruhe GER"]
[Date "2018.04.01"]
[Round "7.33"]
[White "Zeller, Frank"]
[Black "Fedorovsky, Michael"]
[Result "0-1"]
[WhiteTitle "IM"]
[BlackTitle "IM"]
[WhiteElo "2383"]
[BlackElo "2471"]
[WhiteFideId "4613007"]
[BlackFideId "14105454"]
[EventDate "2018.03.29"]

1. e4 c5 2. Nf3 d6 3. d4 cxd4 4. Nxd4 Nf6 5. Nc3 g6 6. Bc4 Bg7 7. O-O O-O 8. Re1
Nc6 9. Nb3 Be6 10. Nd5 Rc8 11. Bf1 Ne5 12. c3 Bxd5 13. exd5 Nc4 14. a4 Nb6 15.
g4 h6 16. Bg2 Re8 17. a5 Nc4 18. h3 Qc7 19. Ra4 b5 20. axb6 Nxb6 21. Ra1 Nc4 22.
Nd4 Nb6 23. Nc2 Qc4 24. Nb4 Qc7 25. Qd3 Qb7 26. Qa6 Qxa6 27. Rxa6 Rc7 28. Rd1
Rec8 29. Bf1 Kf8 30. Ra2 h5 31. f3 hxg4 32. hxg4 Nfd7 33. Ba6 Ra8 34. Be3 Nc5
35. Kf2 Nxa6 36. Rxa6 Nc4 37. Bc1 Rb8 38. Ra2 Rb5 39. Ra6 Rb6 40. Rxb6 axb6 41.
f4 Ra7 42. Ke2 Ra1 43. Nd3 b5 44. f5 gxf5 45. gxf5 Ke8 46. Rg1 Kf8 47. f6 exf6
48. Nf4 Bh6 49. Nd3 Bxc1 50. Nxc1 Nxb2 51. Kd2 Nc4+ 52. Kc2 Ne3+ 53. Kb2 Ra6 54.
Ne2 Nxd5 55. Nd4 b4 56. c4 Nf4 57. Rd1 Ra3 58. Nb3 Ke7 59. Rd4 Ne6 60. Rd5 f5
61. Nc1 Rc3 62. Nd3 Ke8 0-1

[Event "GRENKE Chess Open 2018"]
[Site "Karlsruhe GER"]
[Date "2018.04.01"]
[Round "7.34"]
[White "Lagunow, Raphael"]
[Black "Basso, Pier Luigi"]
[Result "0-1"]
[WhiteTitle "FM"]
[BlackTitle "IM"]
[WhiteElo "2368"]
[BlackElo "2459"]
[WhiteFideId "24652644"]
[BlackFideId "866970"]
[EventDate "2018.03.29"]

1. e4 e5 2. Nf3 Nc6 3. Bc4 Bc5 4. c3 Nf6 5. d3 O-O 6. O-O d5 7. exd5 Nxd5 8.
Nbd2 Nb6 9. Bb5 Bd6 10. Ne4 Bg4 11. d4 exd4 12. Bxc6 bxc6 13. cxd4 Re8 14. Nc3
a5 15. h3 Bh5 16. g4 Bg6 17. Ne5 Qh4 18. Qf3 Bxe5 19. dxe5 Nc4 20. Bf4 Nxb2 21.
Kg2 Qd8 22. Qxc6 Qd4 23. Bg3 h5 24. Kh2 Bd3 25. Rg1 hxg4 26. Nb5 Qa4 27. e6 Qxb5
28. Qxb5 Bxb5 29. Rab1 Rxe6 30. Rxb2 c6 31. hxg4 Bc4 32. Bf4 a4 33. Rgb1 Kh7 34.
Kg3 Kg6 35. Rd2 Bd5 36. Be3 f5 37. Rb4 fxg4 38. Rxg4+ Kf7 39. Rdd4 a3 40. Ra4
Ree8 41. Bc5 Bxa2 42. Bxa3 Bb1 43. Rxa8 Rxa8 44. Bb2 g6 45. Rc4 Ra6 46. Rc5 Ke6
47. Be5 Bf5 48. f4 Be4 49. Kf2 Bd5 50. Ke3 g5 51. Rc3 Ra4 52. Bc7 gxf4+ 53. Kd2
Kf5 54. Rh3 Ra2+ 55. Ke1 f3 56. Rh2 Rxh2 57. Bxh2 c5 58. Bd6 c4 59. Bb4 Ke4 60.
Kd2 Be6 61. Bc5 Bd5 62. Bf2 Kf4 63. Be1 Bg8 64. Bf2 Bf7 65. Be1 Bd5 66. Bf2 Kg4
67. Ke3 Kh3 68. Kd4 Kg2 0-1

[Event "GRENKE Chess Open 2018"]
[Site "Karlsruhe GER"]
[Date "2018.04.01"]
[Round "7.35"]
[White "Nasuta, Grzegorz"]
[Black "Gheng, Josef"]
[Result "1-0"]
[WhiteTitle "IM"]
[BlackTitle "FM"]
[WhiteElo "2459"]
[BlackElo "2338"]
[WhiteFideId "1141686"]
[BlackFideId "4618041"]
[EventDate "2018.03.29"]

1. e4 e5 2. Nf3 Nc6 3. d4 exd4 4. Nxd4 Bc5 5. Nb3 Bb4+ 6. Bd2 Qe7 7. Bd3 Nf6 8.
O-O Bxd2 9. N1xd2 d6 10. c3 Ne5 11. Bc2 Bg4 12. Qe1 g5 13. Nd4 Rg8 14. Qe3 Bd7
15. Rfe1 Nfg4 16. Qe2 Qf6 17. Nf5 O-O-O 18. Nf1 Rde8 19. N1g3 h5 20. h3 h4 21.
Nh5 Qh8 22. hxg4 Rg6 23. f3 Kb8 24. Rad1 a6 25. Qf2 Qh7 26. Bb3 Be6 27. Bd5 Rh8
28. c4 Nd7 29. b4 Qg8 30. Ne7 Qf8 31. Nxg6 fxg6 32. Bxe6 Ne5 33. Bf5 gxh5 34.
gxh5 Nxc4 35. f4 gxf4 36. Qxf4 Rxh5 37. Rf1 Qg8 38. Bh3 Rh8 39. Qf7 Ne3 40.
Qxg8+ Rxg8 41. Rd3 Nxf1 42. Kxf1 Ka7 43. Bf5 Kb6 44. Rh3 c5 45. bxc5+ Kxc5 46.
Rxh4 b5 47. g4 a5 48. Ke2 b4 49. Kd3 a4 50. Rh7 Ra8 51. Rc7+ Kb6 52. Rc1 Rg8 53.
Kc4 Ka5 54. Rd1 1-0

[Event "GRENKE Chess Open 2018"]
[Site "Karlsruhe GER"]
[Date "2018.04.01"]
[Round "7.36"]
[White "Krause, Benedict"]
[Black "Van Kerkhof, David"]
[Result "0-1"]
[WhiteTitle "FM"]
[BlackTitle "FM"]
[WhiteElo "2456"]
[BlackElo "2334"]
[WhiteFideId "12917990"]
[BlackFideId "1012827"]
[EventDate "2018.03.29"]

1. e4 c5 2. Nf3 g6 3. d4 cxd4 4. Nxd4 Nc6 5. c4 Nf6 6. Nc3 d6 7. Nc2 Bg7 8. Be2
Nd7 9. Bd2 O-O 10. O-O Nc5 11. b4 Bxc3 12. Bxc3 Nxe4 13. Bb2 e5 14. Qe1 Be6 15.
Rd1 Qb6 16. Kh1 Rad8 17. f3 Nc5 18. Ba1 Na4 19. f4 f6 20. Bd3 a5 21. a3 axb4 22.
axb4 Rd7 23. Qe2 Nxb4 24. Rb1 Nxd3 25. Rxb6 Nxb6 26. Qxd3 Bxc4 27. Qe3 Bxf1 28.
Qxb6 Rc8 29. Ne3 Rc1 30. Bb2 Rb1 31. Kg1 Bb5+ 32. Bc1 Rxc1+ 33. Kf2 exf4 34. Nd5
Rf1# 0-1

[Event "GRENKE Chess Open 2018"]
[Site "Karlsruhe GER"]
[Date "2018.04.01"]
[Round "7.37"]
[White "Baenziger, Fabian"]
[Black "Milov, Leonid"]
[Result "1-0"]
[WhiteTitle "FM"]
[BlackTitle "GM"]
[WhiteElo "2356"]
[BlackElo "2455"]
[WhiteFideId "1330110"]
[BlackFideId "14101068"]
[EventDate "2018.03.29"]

1. Nf3 f5 2. d4 Nf6 3. g3 g6 4. Bg2 Bg7 5. O-O O-O 6. c4 d6 7. Nc3 c6 8. b3 Qa5
9. Qc2 e5 10. dxe5 dxe5 11. e4 Na6 12. a3 f4 13. Bb2 Nh5 14. Rad1 Qc7 15. b4 Qe7
16. c5 Nc7 17. Qd2 Bf6 18. Ne2 g5 19. h3 g4 20. hxg4 Bxg4 21. Nh2 Rad8 22. Qc2
Bxe2 23. Qxe2 fxg3 24. Qxh5 gxh2+ 25. Kxh2 Bg7 26. Rxd8 Rxd8 27. Bh3 Qf7 28. Qg5
Qf6 29. Rg1 Qxg5 30. Rxg5 Re8 31. f4 Kh8 32. Kg2 Re7 33. Kf3 Ne8 34. Bxe5 Bxe5
35. Rxe5 Rxe5 36. fxe5 Nc7 37. Bc8 b6 38. cxb6 axb6 39. a4 Kg7 40. a5 bxa5 41.
bxa5 Kf7 42. a6 Nb5 43. Ke3 Ke7 44. Kd3 Kd8 45. Bf5 h5 46. Kc4 Kc7 47. Kc5 Na7
48. e6 Nc8 49. a7 Kb7 50. a8=Q+ Kxa8 51. Kxc6 1-0

[Event "GRENKE Chess Open 2018"]
[Site "Karlsruhe GER"]
[Date "2018.04.01"]
[Round "7.38"]
[White "Vijayalakshmi, Subbaraman"]
[Black "Inkiov, Ventzislav"]
[Result "1-0"]
[WhiteTitle "IM"]
[BlackTitle "GM"]
[WhiteElo "2345"]
[BlackElo "2449"]
[WhiteFideId "5004098"]
[BlackFideId "2900033"]
[EventDate "2018.03.29"]

1. Nf3 Nf6 2. g3 d5 3. Bg2 c5 4. O-O Nc6 5. d4 e6 6. c3 Qb6 7. Ne5 cxd4 8. Nxc6
dxc3 9. Nxa7 cxb2 10. Nxc8 Rxc8 11. Bxb2 Qxb2 12. Nd2 Bd6 13. Ne4 Nxe4 14. Bxe4
Be5 15. Bd3 O-O 16. Rb1 Qxa2 17. Rxb7 g6 18. Qb1 Qa5 19. Rb5 Qd8 20. h4 Qf6 21.
Kg2 Ra8 22. Rc1 Kg7 23. Qb4 Ra2 24. Qg4 h5 25. Qf3 Qe7 26. Rcb1 Rc8 27. Rb7 Rc7
28. Rxc7 Qxc7 29. Qe3 Bf6 30. Qb6 Qe5 31. Rc1 Ra4 32. Rc8 Bxh4 33. Qc5 Kh7 34.
Qf8 Qg7 35. Qe8 Ra7 36. gxh4 Qd4 37. Qg8+ Kh6 38. Qf8+ Kh7 39. f4 Qf6 40. Qg8+
Kh6 41. Qf8+ Kh7 42. Qg8+ Kh6 43. Qh8+ Qxh8 44. Rxh8+ Kg7 45. Rb8 Rc7 46. Kf3
Ra7 47. Ke3 Kf6 48. Rb6 Rc7 49. Kf3 Ra7 50. Ba6 Ra8 51. Bd3 Ra7 52. Bc2 Rc7 53.
Bd3 Ra7 54. Ke3 Ra1 55. Rb1 Ra7 56. Kf3 Rc7 57. Rb6 Ra7 58. Bc2 Rc7 59. Bd3 Ra7
60. Ra6 Rc7 61. Bb1 Rc1 62. Bd3 Rf1+ 63. Kg3 Rg1+ 64. Kf2 Rg4 65. e3 d4 66. exd4
Rxf4+ 67. Ke3 Rxh4 68. d5 Rb4 69. d6 e5 70. Ra7 Ke6 71. d7 Ke7 72. Bc2 f5 73.
Ba4 Rb8 74. Ra5 Ke6 75. Ra6+ Kf7 76. Rd6 Rd8 77. Kf3 h4 78. Kg2 e4 79. Bb5 g5
80. Kh3 Ke7 81. Rg6 Rb8 82. Ba4 e3 83. Rxg5 e2 84. Rg7+ Kd6 85. Rg1 Kc7 86. Re1
Ra8 87. Rc1+ Kd8 88. Bb5 Rb8 89. Bxe2 Kxd7 90. Kxh4 Rg8 91. Rf1 Rh8+ 92. Kg5
Rg8+ 93. Kf4 Ke7 94. Bd3 Rd8 95. Bxf5 Kf6 96. Ra1 Rd4+ 97. Be4 Rd6 98. Rg1 Kf7
99. Ke5 Re6+ 100. Kf4 Rd6 101. Bf5 Rb6 102. Ra1 Ke7 103. Be4 Kf6 104. Rg1 Kf7
105. Ke5 Re6+ 106. Kf4 Rb6 107. Rh1 Rd6 108. Rh7+ Kf6 109. Rh6+ Ke7 110. Rh5 Kf6
111. Bd5 Rd8 112. Rh6+ Kg7 113. Rh5 Kf6 114. Rf5+ Kg7 115. Kg5 Rd7 116. Be6 Re7
117. Bd5 Rd7 118. Be4 Re7 119. Rf4 Rd7 120. Bf5 Re7 121. Rh4 Rf7 122. Ra4 Re7
123. Ra6 Rc7 124. Ra8 Re7 125. Ra6 Rc7 126. Rg6+ Kf7 127. Rh6 Re7 128. Rh7+ Kf8
129. Rh8+ Kg7 130. Rh5 Rf7 131. Rh7+ Kf8 132. Rh4 Kg7 133. Bg6 Rf1 134. Rh7+ Kg8
135. Rb7 Rg1+ 136. Kf6 Rf1+ 137. Bf5 1-0

[Event "GRENKE Chess Open 2018"]
[Site "Karlsruhe GER"]
[Date "2018.04.01"]
[Round "7.39"]
[White "Petkidis, Anthony"]
[Black "Grinberg, Eyal"]
[Result "1/2-1/2"]
[BlackTitle "IM"]
[WhiteElo "2314"]
[BlackElo "2448"]
[WhiteFideId "24673390"]
[BlackFideId "2806070"]
[EventDate "2018.03.29"]

1. e4 c5 2. Nf3 d6 3. d4 cxd4 4. Nxd4 Nf6 5. Nc3 a6 6. Bg5 Nbd7 7. f4 Qc7 8. Qf3
h6 9. Bxf6 Nxf6 10. f5 Qc5 11. O-O-O g5 12. Nd5 Nxd5 13. exd5 Bg7 14. c3 Bf6 15.
g4 Bd7 16. Kb1 O-O-O 17. Bg2 Kb8 18. h3 Rc8 19. Rhf1 Qb6 20. Ka1 Ba4 21. Rd2 Rc5
22. Qe4 Bb5 23. Nxb5 Qxb5 24. Qe2 Qa5 25. Rc2 Rhc8 26. Rfc1 Rc4 27. Kb1 Be5 28.
Qd3 Qb6 29. Ka1 a5 30. Bf3 a4 31. a3 R4c5 32. Qe4 Qb3 33. Qd3 R8c7 34. Bg2 b5
35. Be4 Rc4 36. Kb1 Kc8 37. Ka1 Kd8 38. Kb1 Bf4 39. Re1 b4 40. axb4 a3 41. Ree2
Rxc3 42. Rxc3 Rxc3 43. Qxc3 Qd1+ 44. Ka2 Qxe2 45. Qc2 Qxc2 46. Bxc2 axb2 47.
Kxb2 Kc7 1/2-1/2

[Event "GRENKE Chess Open 2018"]
[Site "Karlsruhe GER"]
[Date "2018.04.01"]
[Round "7.40"]
[White "Andre, Gordon"]
[Black "Beerdsen, Thomas"]
[Result "1/2-1/2"]
[BlackTitle "IM"]
[WhiteElo "2301"]
[BlackElo "2444"]
[WhiteFideId "4655354"]
[BlackFideId "1030108"]
[EventDate "2018.03.29"]

1. d4 e6 2. c4 b6 3. Nf3 Bb7 4. a3 f5 5. Nc3 Nf6 6. d5 exd5 7. cxd5 Be7 8. g3
Ne4 9. Bg2 Nxc3 10. bxc3 Bf6 11. Nd4 O-O 12. O-O Bxd4 13. Qxd4 d6 14. Bb2 Qf6
15. Qxf6 Rxf6 16. c4 Rf8 17. e4 fxe4 18. Rfe1 Nd7 19. Rxe4 Nc5 20. Re3 Rae8 21.
Rae1 Rxe3 22. Rxe3 Bc8 23. f4 Kf7 24. Bf3 Bd7 25. Bd4 Rb8 26. Be2 a6 27. Kf2 Re8
28. Rxe8 Bxe8 29. Ke3 Ba4 30. g4 Bc2 31. h4 g6 32. g5 Nb7 33. Bf6 h5 34. Kd4 Bf5
35. Bd1 Bd7 36. Bc2 Bc8 37. Ba4 Nc5 38. Bc2 Nb7 39. Kc3 Bg4 40. Kb4 Bd7 41. Kc3
Bg4 42. Kd2 Na5 43. Kc3 1/2-1/2

[Event "GRENKE Chess Open 2018"]
[Site "Karlsruhe GER"]
[Date "2018.04.02"]
[Round "8.2"]
[White "Korobov, Anton"]
[Black "Poetsch, Hagen"]
[Result "1-0"]
[WhiteTitle "GM"]
[BlackTitle "IM"]
[WhiteElo "2664"]
[BlackElo "2484"]
[WhiteFideId "14105730"]
[BlackFideId "24615137"]
[EventDate "2018.03.29"]

1. d4 d5 2. c4 dxc4 3. Nf3 Nf6 4. e3 e6 5. Bxc4 a6 6. O-O b5 7. Bb3 Bb7 8. Nc3
c5 9. e4 cxd4 10. Nxd4 Nbd7 11. Be3 Nc5 12. f3 Be7 13. Qe2 O-O 14. Rfd1 Qc7 15.
Rac1 Rac8 16. Bc2 Qb8 17. a3 Ncd7 18. Bb3 Rfd8 19. Qe1 Bc5 20. Nce2 Qa7 21. Kh1
Bb6 22. Rxc8 Rxc8 23. Qg3 Nf8 24. Bg1 Ng6 25. Nxe6 Bxg1 26. Nxg1 Bxe4 27. Ng5
Bc2 28. Bxc2 Rxc2 29. Rd8+ Nf8 30. Qd6 Nd7 31. Qe7 1-0

[Event "GRENKE Chess Open 2018"]
[Site "Karlsruhe GER"]
[Date "2018.04.02"]
[Round "8.4"]
[White "Santos Latasa, Jaime"]
[Black "Gordievsky, Dmitry"]
[Result "1/2-1/2"]
[WhiteTitle "IM"]
[BlackTitle "GM"]
[WhiteElo "2549"]
[BlackElo "2630"]
[WhiteFideId "2293307"]
[BlackFideId "24112798"]
[EventDate "2018.03.29"]

1. d4 Nf6 2. c4 c6 3. Nf3 d5 4. e3 g6 5. Nc3 Bg7 6. Be2 O-O 7. O-O Bg4 8. cxd5
cxd5 9. Qb3 Bc8 10. Ne5 e6 11. Bd2 Ne8 12. Rfc1 f6 13. Nf3 Nd6 14. Nb5 Nc6 15.
Nxd6 Qxd6 16. Bb5 Rf7 17. Bxc6 bxc6 18. Bb4 Qc7 19. Qa3 Qb6 20. Bc5 Qb5 21. Rc3
Rb7 22. Rb3 Qe2 23. Re1 Rxb3 24. Qxb3 Qb5 25. Qc2 e5 26. dxe5 fxe5 27. Bd6 Bf5
28. Qc3 e4 29. Nd4 Qc4 30. Qxc4 dxc4 31. Rc1 Bxd4 32. exd4 Rd8 33. Be5 Be6 34.
Kf1 Rd7 1/2-1/2

[Event "GRENKE Chess Open 2018"]
[Site "Karlsruhe GER"]
[Date "2018.04.02"]
[Round "8.5"]
[White "Keymer, Vincent"]
[Black "Papp, Gabor1"]
[Result "1-0"]
[WhiteTitle "IM"]
[BlackTitle "GM"]
[WhiteElo "2403"]
[BlackElo "2604"]
[WhiteFideId "12940690"]
[BlackFideId "718602"]
[EventDate "2018.03.29"]

1. d4 d6 2. Nf3 Nf6 3. c4 g6 4. g3 Bg7 5. Bg2 O-O 6. Nc3 Nbd7 7. Bf4 e5 8. dxe5
dxe5 9. Nxe5 Nh5 10. Nd3 Nxf4 11. Nxf4 c6 12. O-O Qb6 13. Nd3 Ne5 14. c5 Qa5 15.
b4 Qa3 16. Qc1 Nc4 17. Ne4 Be6 18. Qxa3 Nxa3 19. Rac1 Nb5 20. Nd6 Nc3 21. Rc2
Rab8 22. Nf4 Bd7 23. Rfc1 Na4 24. Rd1 a6 25. Rd3 Rfd8 26. Nxb7 Rxb7 27. Bxc6
Bxc6 28. Rxd8+ Bf8 29. Rc8 Bd7 30. Ra8 Rxb4 31. c6 Rb1+ 32. Kg2 Bf5 33. Nd3 Nb6
34. Rb8 Rb5 35. a4 Nxa4 36. c7 Nb6 37. Rc5 Rb3 38. Rxf5 gxf5 39. c8=Q Nxc8 40.
Rxb3 Kg7 41. Rb8 Nd6 42. Ra8 Nb5 43. Rxa6 Nd4 44. Nf4 h6 45. e3 Nb5 46. Nh5+ Kh7
47. Nf6+ Kg7 48. Ne8+ Kg8 49. Ra5 1-0

[Event "GRENKE Chess Open 2018"]
[Site "Karlsruhe GER"]
[Date "2018.04.02"]
[Round "8.6"]
[White "Andreikin, Dmitry"]
[Black "Lagarde, Maxime"]
[Result "1-0"]
[WhiteTitle "GM"]
[BlackTitle "GM"]
[WhiteElo "2712"]
[BlackElo "2587"]
[WhiteFideId "4158814"]
[BlackFideId "662399"]
[EventDate "2018.03.29"]

1. d4 f5 2. Nf3 Nf6 3. Bg5 e6 4. Nbd2 Be7 5. e3 b6 6. Bd3 Bb7 7. Bxf6 Bxf6 8. e4
O-O 9. c3 g6 10. h4 d5 11. e5 Be7 12. Ng5 Bxg5 13. hxg5 c5 14. f4 a5 15. Nf1 Ba6
16. Ne3 Bxd3 17. Qxd3 Qd7 18. g4 c4 19. Qc2 Na6 20. gxf5 exf5 21. b3 b5 22. bxc4
bxc4 23. Rb1 Qc6 24. Kf2 Rab8 25. Kg3 Nc7 26. Rxb8 Rxb8 27. Rb1 Qe8 28. Rxb8
Qxb8 29. Qa4 Qb5 30. Qa3 Qb1 31. Qe7 Nb5 32. e6 h5 33. Qf7+ Kh8 34. Qf8+ Kh7 35.
Qh6+ 1-0

[Event "GRENKE Chess Open 2018"]
[Site "Karlsruhe GER"]
[Date "2018.04.02"]
[Round "8.7"]
[White "Bacrot, Etienne"]
[Black "Riff, Jean-Noel"]
[Result "1-0"]
[WhiteTitle "GM"]
[BlackTitle "GM"]
[WhiteElo "2718"]
[BlackElo "2503"]
[WhiteFideId "605506"]
[BlackFideId "611190"]
[EventDate "2018.03.29"]

1. e4 c5 2. Nf3 d6 3. d4 cxd4 4. Nxd4 Nf6 5. Nc3 a6 6. g3 e5 7. Nf3 Be7 8. Nh4
O-O 9. Bg2 g6 10. a4 Bg4 11. Qd3 Nbd7 12. Bh6 Re8 13. O-O Be6 14. h3 Rc8 15. Qd2
Qb6 16. Rfb1 Qd4 17. Nf5 Qxd2 18. Nxe7+ Rxe7 19. Bxd2 Nb8 20. Bg5 Kg7 21. Rd1
Rc6 22. Rd2 Rec7 23. Rad1 Ne8 24. a5 Nd7 25. Ra1 b5 26. axb6 Nxb6 27. Rdd1 Nd7
28. Bf1 Rb7 29. Bc1 Nc7 30. Ra5 Kf8 31. Kg2 Ke7 32. Bd3 f6 33. h4 Rb8 34. h5 g5
35. Nd5+ Bxd5 36. exd5 Rcb6 37. Bxh7 Rh8 38. Bg6 Nf8 39. Bd3 Rxh5 40. b3 Nd7 41.
Be3 Rb8 42. Be2 Rh7 43. Bxa6 1-0